| 000 | 00816nam a2200229Ii 4500 | ||
|---|---|---|---|
| 003 | JO-AjNU | ||
| 008 | 230605s9999||||xx |||||||||||||| ||und|| | ||
| 017 | _a2020/10/4252 | ||
| 020 | _a978-9923-37-040-7 | ||
| 040 |
_aJO-AjNU _bara _erda _cJO-AjNU |
||
| 041 | _aara | ||
| 050 | 1 | 4 | _aSB731.2021 |
| 100 | 3 |
_aتاليف الهيتي، إياد عبد الواحد محمد, _eauthor _964341 |
|
| 245 | 0 | 0 | _aالموسوعة التطبيقية الشاملة في امراض النبات، ج1 |
| 250 | _aط1 | ||
| 264 | 3 | 1 | _aعمان: دار دجلة ناشرون وموزعون، 2021 |
| 300 |
_aج1: 558ص _bتحتوي على صور توضيحية |
||
| 336 |
_atext _btxt _2rdacontent |
||
| 337 |
_aunmediated _bn _2rdamedia |
||
| 338 |
_avolume _bnc _2rdacarrier |
||
| 650 | 4 |
_aالنبات-امراض _964342 |
|
| 999 |
_aA29234 _c32802 _d32802 |
||